[Event "Xtracon Chess Open 2019"]
[Site "Helsingor DEN"]
[Date "2019.07.22"]
[Round "4.150"]
[White "Mielow, Bjarne"]
[Black "Larsen, Preben R."]
[Result "1/2-1/2"]
[WhiteElo "1638"]
[BlackElo "1844"]
[WhiteFideId "1415484"]
[BlackFideId "1425790"]
[EventDate "2019.07.20"]

1. Nf3 Nf6 2. g3 b6 3. Bg2 Bb7 4. d3 e6 5. b3 d5 6. Bb2 Nbd7 7. Nbd2 Be7 8. O-O
Rc8 9. Re1 c5 10. e3 O-O 11. c4 Qc7 12. a3 Rfd8 13. Rc1 dxc4 14. Nxc4 Qb8 15.
Qc2 Ne8 16. e4 f6 17. Qe2 e5 18. Bh3 Rc6 19. Nh4 Nd6 20. Ne3 Nf8 21. Nd5 Re8 22.
Nxe7+ Rxe7 23. Nf3 Nb5 24. a4 Nd4 25. Nxd4 exd4 26. f4 Bc8 27. f5 Qd6 28. Qc2
Rec7 29. Bg2 Qe5 30. Rcd1 g6 31. fxg6 hxg6 32. Bc1 g5 33. Rf1 Rh7 34. Rf2 Bg4
35. Rdf1 Nd7 36. Qc4+ Kg7 37. Qc2 Kg6 38. b4 Rc7 39. b5 Rc8 40. Bf3 Bh3 41. Bg2
Bg4 42. Bf3 Be6 43. Bg2 Rch8 44. Bf3 1/2-1/2

[Event "Xtracon Chess Open 2019"]
[Site "Helsingor DEN"]
[Date "2019.07.22"]
[Round "4.151"]
[White "Hansen, Verner"]
[Black "Rempe, Mieke"]
[Result "0-1"]
[WhiteElo "1838"]
[BlackElo "1558"]
[WhiteFideId "1425285"]
[BlackFideId "16202384"]
[EventDate "2019.07.20"]

1. e4 c6 2. d4 d5 3. Nc3 dxe4 4. Nxe4 Nd7 5. Nf3 Ngf6 6. Bd3 Nxe4 7. Bxe4 Nf6 8.
Bd3 Bg4 9. c3 e6 10. O-O Bd6 11. Re1 O-O 12. Bc2 Qc7 13. h3 Bh5 14. Bg5 Kh8 15.
Re3 Nd5 16. Re1 c5 17. Re4 Bf4 18. Bxf4 Nxf4 19. dxc5 Rad8 20. Rd4 e5 21. Rxd8
Rxd8 22. Qf1 Bxf3 23. gxf3 Qxc5 24. Be4 Rd2 25. Rd1 Qd6 26. Rxd2 Qxd2 27. Bxb7
Qxb2 28. Qd1 Qb6 29. Qd7 Qg6+ 30. Kf1 Qb1+ 0-1

[Event "Xtracon Chess Open 2019"]
[Site "Helsingor DEN"]
[Date "2019.07.22"]
[Round "4.152"]
[White "Eiding, Amanda Mai Irgens"]
[Black "Leonhardsen, Vebjorn Maanum"]
[Result "0-1"]
[WhiteElo "1633"]
[BlackElo "1820"]
[WhiteFideId "1549499"]
[BlackFideId "1539515"]
[EventDate "2019.07.20"]

1. e4 c6 2. d4 d5 3. Nc3 dxe4 4. Nxe4 Bf5 5. Ng3 Bg6 6. Nf3 Nd7 7. Bd3 Bxd3 8.
Qxd3 Ngf6 9. c4 e6 10. O-O Be7 11. Bf4 O-O 12. h3 a5 13. b3 Ra6 14. Rad1 Qa8 15.
Ne5 Rd8 16. Qc2 a4 17. Rd2 axb3 18. axb3 h6 19. Rfd1 Bb4 20. Re2 Be7 21. Red2
Ra3 22. Rb1 Qa5 23. Rdd1 Ra2 24. Rb2 Rxb2 25. Qxb2 Nxe5 26. Bxe5 Ra8 27. Bxf6
Bxf6 28. Ne4 Be7 29. Qc3 Qxc3 30. Nxc3 Ra3 31. Rb1 Bf6 32. Ne2 Ra2 33. Kf1 Rd2
34. Ke1 Rd3 35. b4 Bxd4 36. Nxd4 Rxd4 37. c5 Kf8 38. Ke2 Ke7 39. Ke3 e5 40. g3
g5 41. b5 Rc4 42. bxc6 bxc6 43. Rb7+ Kf6 44. Rd7 Rxc5 45. Rd6+ Kg7 46. Ke4 Rc2
47. Kxe5 Rxf2 48. Rd3 Rc2 49. Kf5 Rc1 50. Rd7 c5 51. Rc7 c4 52. Kg4 Kg6 53. Rc6+
f6 54. Kf3 c3 55. g4 Kf7 56. Kg2 Ke7 57. Rc4 Kd6 58. Rc8 Kd5 59. Rd8+ Ke4 60.
Re8+ Kd3 61. Rd8+ Kc2 62. Re8 Rd1 63. Ra8 Rd3 64. Ra2+ Kd1 65. Ra1+ Kd2 66. Rf1
c2 67. Rf2+ Kc3 68. Rf1 Rd1 69. Rf3+ Kd4 0-1

[Event "Xtracon Chess Open 2019"]
[Site "Helsingor DEN"]
[Date "2019.07.22"]
[Round "4.153"]
[White "Jaques, Hannibal Valeur"]
[Black "Lalla, Karol"]
[Result "1-0"]
[WhiteElo "1807"]
[BlackElo "1534"]
[WhiteFideId "1454188"]
[BlackFideId "12947407"]
[EventDate "2019.07.20"]

1. e4 d5 2. exd5 Nf6 3. d4 c6 4. dxc6 Nxc6 5. Nf3 e5 6. dxe5 Qxd1+ 7. Kxd1 Ng4
8. Be3 Ngxe5 9. Nxe5 Nxe5 10. Bb5+ Bd7 11. Bxd7+ Nxd7 12. Re1 O-O-O 13. Nd2 Bc5
14. c3 Rhe8 15. Bxc5 Rxe1+ 16. Kxe1 Nxc5 17. Nc4 Nd3+ 18. Ke2 b5 19. Na3 a6 20.
b3 Nf4+ 21. Kf3 g5 22. g3 Ng6 23. c4 b4 24. Nc2 a5 25. Ke2 Re8+ 26. Ne3 f5 27.
Kf1 f4 28. Nd5 f3 29. Re1 Rxe1+ 30. Kxe1 Ne5 31. Nf6 h6 32. Kd2 g4 33. Ke3 Kc7
34. Ke4 Kd6 35. Ne8+ Ke6 36. Nc7+ Kf6 37. Nd5+ Ke6 38. Nf4+ Kf6 39. Kd5 Nd7 40.
c5 Ke7 41. Ng6+ Kd8 42. Ne5 Nf6+ 43. Kd4 Kc7 44. Nc4 1-0

[Event "Xtracon Chess Open 2019"]
[Site "Helsingor DEN"]
[Date "2019.07.22"]
[Round "4.154"]
[White "Jorgensen, Orla Eilegaard"]
[Black "Nielsen, Palle"]
[Result "1-0"]
[WhiteElo "1614"]
[BlackElo "1806"]
[WhiteFideId "1413368"]
[BlackFideId "1408526"]
[EventDate "2019.07.20"]

1. f4 d5 2. Nf3 Nf6 3. e3 Nc6 4. b3 Bf5 5. Bb2 e6 6. d3 h6 7. Nc3 a6 8. g3 Be7
9. Bg2 O-O 10. O-O Rc8 11. a4 Nd7 12. Qe2 Bf6 13. Rad1 Ne7 14. Kh1 Bh7 15. g4
Bxc3 16. Bxc3 f6 17. h4 Qe8 18. g5 Nf5 19. Qf2 hxg5 20. hxg5 Qh5+ 21. Kg1 Qg4
22. Nh2 Qg3 23. Qxg3 Nxg3 24. Rfe1 fxg5 25. fxg5 Rf5 26. Nf3 Rcf8 27. Kf2 Rxg5
28. Bh3 Nc5 29. Bb4 Nce4+ 30. dxe4 Rxf3+ 31. Kxf3 Bxe4+ 32. Kf4 Rg6 33. Bxe6+
Rxe6 34. Kxg3 c6 35. c4 Rg6+ 36. Kf4 Bc2 37. Rd2 Bxb3 38. cxd5 Bxd5 39. Bc5 Re6
40. Kf5 Kf7 41. Bd4 Rh6 42. Rf2 Kg8 43. Rg1 Rh5+ 44. Kg4 g6 45. Rgf1 Be6+ 46.
Kf4 c5 47. Bb2 Bf5 48. e4 Rh4+ 49. Kg5 Rg4+ 50. Kf6 Rxe4 51. Be5 Rb4 52. Rd2
Rb6+ 53. Rd6 Rxd6+ 54. Bxd6 c4 55. Bb4 b5 56. axb5 axb5 57. Re1 1-0

[Event "Xtracon Chess Open 2019"]
[Site "Helsingor DEN"]
[Date "2019.07.22"]
[Round "4.155"]
[White "Narheim, Mats"]
[Black "Kalveus, Jan"]
[Result "0-1"]
[WhiteElo "1608"]
[BlackElo "1798"]
[WhiteFideId "1518607"]
[BlackFideId "1721682"]
[EventDate "2019.07.20"]

1. e4 e6 2. d3 d5 3. Qe2 dxe4 4. dxe4 e5 5. Nf3 Nc6 6. Nc3 Nf6 7. g3 Bg4 8. Bg2
Bb4 9. Qb5 O-O 10. O-O Bxf3 11. Bxf3 Nd4 12. Qd3 h6 13. Nd5 Nxf3+ 14. Qxf3 Nxd5
15. exd5 Qd6 16. Be3 Bc5 17. Rad1 Bxe3 18. Qxe3 Rfe8 19. Rfe1 a5 20. Qb3 b6 21.
Re4 Re7 22. Rde1 Rd8 23. Qc3 Rde8 24. Qc6 Qxc6 25. dxc6 Re6 26. c3 f5 27. R4e2
Kf7 28. Rd1 Rxc6 29. Rd7+ Kf6 30. f4 e4 31. Kf2 Re7 32. Rd8 Rd6 33. Rxd6+ cxd6
34. Ke3 Ke6 35. Rd2 Rc7 36. Rd4 Rc5 37. c4 d5 38. b3 dxc4 39. bxc4 Rc6 40. a4
Rd6 0-1

[Event "Xtracon Chess Open 2019"]
[Site "Helsingor DEN"]
[Date "2019.07.22"]
[Round "4.156"]
[White "Zwisler, Lars Erik"]
[Black "Schick, Matheo"]
[Result "1-0"]
[WhiteElo "1789"]
[BlackElo "1451"]
[WhiteFideId "1418351"]
[BlackFideId "1545280"]
[EventDate "2019.07.20"]

1. d4 d5 2. Bf4 Nf6 3. Nd2 e6 4. e3 c5 5. c3 Nc6 6. Ngf3 Bd6 7. Bg3 O-O 8. Ne5
Qc7 9. Ndf3 b6 10. Bd3 Bb7 11. Qc2 h6 12. Nxc6 Bxc6 13. Ne5 Bb7 14. Qe2 c4 15.
Bc2 b5 16. a3 a5 17. O-O Qb6 18. f4 b4 19. Bh4 Be7 20. Bxf6 Bxf6 21. Nd7 Qb5 22.
Nxf6+ Kh8 23. Ng4 1-0

[Event "Xtracon Chess Open 2019"]
[Site "Helsingor DEN"]
[Date "2019.07.22"]
[Round "4.157"]
[White "Zheng, Harry Z"]
[Black "Zierott, Jan"]
[Result "1/2-1/2"]
[WhiteElo "1597"]
[BlackElo "1783"]
[WhiteFideId "460982"]
[BlackFideId "4679040"]
[EventDate "2019.07.20"]

1. e4 c6 2. d4 d5 3. e5 Bf5 4. h4 h5 5. Bd3 Bxd3 6. Qxd3 e6 7. Bg5 Be7 8. Nf3
Nd7 9. Nbd2 Nh6 10. Nf1 Qb6 11. Rb1 Bxg5 12. Nxg5 c5 13. dxc5 Qa5+ 14. b4 Qxa2
15. Nd2 Qa4 16. Ngf3 Ng4 17. O-O Ngxe5 18. Nxe5 Nxe5 19. Qc3 f6 20. Ra1 Qd7 21.
Rfe1 O-O 22. Qe3 Rfe8 23. Qe2 g6 24. Ra3 a6 25. Rea1 Rac8 26. Rd1 Qc7 27. Rg3
Kh7 28. Nf3 Ng4 29. Nh2 Nxh2 30. Kxh2 Qf4 31. c3 Qxh4+ 32. Kg1 Qf4 33. Re3 Qg4
34. Rxd5 exd5 35. Rxe8 Qxe2 36. Rxe2 Rc7 37. Re6 Kg7 38. Rd6 Kf7 39. Rxd5 Re7
40. Rd6 Re1+ 41. Kh2 Re6 42. Rd7+ Re7 43. Rd6 Re6 1/2-1/2

[Event "Xtracon Chess Open 2019"]
[Site "Helsingor DEN"]
[Date "2019.07.22"]
[Round "4.158"]
[White "Viitaniemi, Olli"]
[Black "Bredeli, Kent-Ove I"]
[Result "1-0"]
[WhiteElo "1778"]
[BlackElo "1515"]
[WhiteFideId "515361"]
[BlackFideId "1522124"]
[EventDate "2019.07.20"]

1. c4 e6 2. g3 Nf6 3. Bg2 c5 4. Nf3 Nc6 5. Nc3 Be7 6. O-O O-O 7. d4 cxd4 8. Nxd4
a6 9. e4 Nxd4 10. Qxd4 Qc7 11. e5 Bc5 12. Qf4 Ne8 13. Na4 d6 14. Nxc5 Qxc5 15.
Be3 Qc7 16. exd6 Qxd6 17. Qxd6 Nxd6 18. Bc5 Nxc4 19. Bxf8 Kxf8 20. Rac1 Ne5 21.
Rc7 Nc6 22. Rd1 Ke8 23. Rxc6 1-0

[Event "Xtracon Chess Open 2019"]
[Site "Helsingor DEN"]
[Date "2019.07.22"]
[Round "4.159"]
[White "Stromhaug, Kristoffer Wang"]
[Black "Manz, Andreas"]
[Result "1/2-1/2"]
[WhiteElo "1566"]
[BlackElo "1770"]
[WhiteFideId "1533401"]
[BlackFideId "24660108"]
[EventDate "2019.07.20"]

1. e4 e5 2. Nf3 Nf6 3. Nc3 Bb4 4. Nxe5 O-O 5. Be2 Re8 6. Nf3 Nxe4 7. Nxe4 Rxe4
8. O-O d5 9. c3 Bd6 10. d4 h6 11. Bd3 Re8 12. h3 Nd7 13. Be3 Nf6 14. Qd2 Ne4 15.
Qc2 c6 16. c4 Bf5 17. c5 Bc7 18. Nd2 Qd7 19. Nxe4 Bxe4 20. Bxe4 Rxe4 21. Qd3
Rae8 22. Bd2 R8e6 23. Rfe1 Qe7 24. Rxe4 Rxe4 25. Kf1 Qf6 26. Bc3 Qf5 27. Rd1 Qe6 1/2-1/2

[Event "Xtracon Chess Open 2019"]
[Site "Helsingor DEN"]
[Date "2019.07.22"]
[Round "4.160"]
[White "Eiholt, Bjarne"]
[Black "Wagner, Frank"]
[Result "1/2-1/2"]
[WhiteElo "1558"]
[BlackElo "1810"]
[WhiteFideId "1411225"]
[BlackFideId "24624241"]
[EventDate "2019.07.20"]

1. d4 b6 2. c4 Bb7 3. Nc3 g6 4. Bf4 Bg7 5. Nf3 Nf6 6. e3 O-O 7. Be2 d6 8. h3
Nbd7 9. O-O Re8 10. Rc1 c5 11. Re1 h6 12. a3 Rc8 13. Na4 Ne4 14. b4 Kh7 15. Bh2
Ndf6 16. Nc3 Nxc3 17. Rxc3 Nd7 18. Rc1 Ra8 19. Rb1 Be4 20. Bd3 Bxd3 21. Qxd3 Rc8 1/2-1/2

[Event "Xtracon Chess Open 2019"]
[Site "Helsingor DEN"]
[Date "2019.07.22"]
[Round "4.161"]
[White "Jarlskov, Daniel Tuk Hartso"]
[Black "Fjallheim, Elmar Reinert"]
[Result "1-0"]
[WhiteElo "1716"]
[BlackElo "1609"]
[WhiteFideId "1463896"]
[BlackFideId "7201095"]
[EventDate "2019.07.20"]

1. c4 c5 2. b3 Nc6 3. Bb2 Nf6 4. g3 b6 5. Bg2 Bb7 6. e3 e6 7. Ne2 Rb8 8. d4 cxd4
9. exd4 Bb4+ 10. Bc3 Bxc3+ 11. Nexc3 Nxd4 12. Bxb7 Nxb3 13. axb3 Rxb7 14. Nb5
O-O 15. N1c3 d5 16. cxd5 Nxd5 17. Nxd5 exd5 18. O-O Qd7 19. Qd3 Rc8 20. Rfd1 Rc5
21. Nc3 Qc6 22. Nxd5 Kf8 23. Nf4 Re7 24. Qxh7 g6 1-0

[Event "Xtracon Chess Open 2019"]
[Site "Helsingor DEN"]
[Date "2019.07.22"]
[Round "4.162"]
[White "Gjelstrup, Ole"]
[Black "Wheat, Bob"]
[Result "1/2-1/2"]
[WhiteElo "1544"]
[BlackElo "1702"]
[WhiteFideId "1413481"]
[BlackFideId "30913640"]
[EventDate "2019.07.20"]

1. e4 c5 2. c3 Nf6 3. e5 Nd5 4. d4 cxd4 5. cxd4 Nc6 6. Nf3 e6 7. Bc4 Nb6 8. Bb3
Be7 9. O-O O-O 10. Nc3 d6 11. Bf4 a6 12. Ne4 d5 13. Ng3 Bd7 14. Qd2 Nc4 15. Bxc4
dxc4 16. d5 exd5 17. Qxd5 Nb4 18. Qe4 Bc6 19. Qf5 Qd3 20. Qh5 Bxf3 21. gxf3 Qg6
22. Kh1 Nd3 23. Be3 Qxh5 24. Nxh5 Nxe5 25. Rg1 g6 26. f4 Nd7 27. f5 Nf6 28. Nf4
Rfd8 29. Rg2 Nd5 30. fxg6 hxg6 31. Rag1 Nxe3 32. fxe3 Rd6 33. e4 Kf8 34. e5 Rd4
35. Rxg6 fxg6 36. Ne6+ Kf7 37. Nxd4 Bc5 38. Rf1+ Ke7 39. Nf3 1/2-1/2

[Event "Xtracon Chess Open 2019"]
[Site "Helsingor DEN"]
[Date "2019.07.22"]
[Round "4.163"]
[White "Gupta Nikhil"]
[Black "Kustagi, Zeeshan"]
[Result "1-0"]
[WhiteElo "1528"]
[BlackElo "1690"]
[WhiteFideId "25697773"]
[BlackFideId "1468839"]
[EventDate "2019.07.20"]

1. c4 c5 2. g3 g6 3. Nc3 Nc6 4. Bg2 e6 5. e4 Bg7 6. Nge2 Nge7 7. O-O O-O 8. d3
d6 9. Be3 Rb8 10. Qd2 a6 11. d4 cxd4 12. Nxd4 Ne5 13. b3 Ng4 14. Bg5 h6 15. Bxe7
Qxe7 16. f4 Qc7 17. h3 Qc5 18. Rad1 Nf6 19. Kh2 Rd8 20. Nc2 Ne8 21. e5 Qc7 22.
Ne4 Bf8 23. Ne3 Be7 24. Qf2 dxe5 25. fxe5 Kh8 26. Qxf7 g5 27. Ng4 Bb4 28. Rxd8
Qxd8 29. Nef6 1-0

[Event "Xtracon Chess Open 2019"]
[Site "Helsingor DEN"]
[Date "2019.07.22"]
[Round "4.164"]
[White "Storme, Joel"]
[Black "Nielsen, Peter"]
[Result "0-1"]
[WhiteElo "1448"]
[BlackElo "1686"]
[WhiteFideId "1749021"]
[BlackFideId "1707485"]
[EventDate "2019.07.20"]

1. e4 c6 2. d4 d5 3. e5 Bf5 4. Bd3 Bxd3 5. Qxd3 e6 6. Nf3 Nd7 7. c3 h6 8. b3 Ne7
9. Ba3 Ng6 10. O-O Bxa3 11. Nxa3 Qe7 12. Nc2 c5 13. Rac1 O-O 14. g3 a6 15. a4
Rfc8 16. Ne3 Rc6 17. Nd2 Rac8 18. Rc2 Nb6 19. a5 Nd7 20. f4 cxd4 21. cxd4 Qb4
22. Rxc6 Rxc6 23. f5 Rc3 24. Qe2 Qxd4 25. Rf3 Ngxe5 26. fxe6 fxe6 27. Nf1 Nxf3+
28. Qxf3 Ne5 29. Qf2 Rxb3 30. Kg2 Rb2 31. Nc2 Qxf2+ 0-1

[Event "Xtracon Chess Open 2019"]
[Site "Helsingor DEN"]
[Date "2019.07.22"]
[Round "4.165"]
[White "Olsen, Karsten Kierkegaard"]
[Black "Gade, Jens"]
[Result "1-0"]
[WhiteElo "1670"]
[BlackElo "1528"]
[WhiteFideId "1416944"]
[BlackFideId "1416111"]
[EventDate "2019.07.20"]

1. e4 c5 2. Nf3 d6 3. d4 cxd4 4. Nxd4 Nf6 5. Nc3 a6 6. Be3 e5 7. Nb3 Be7 8. f3
O-O 9. Qd2 Be6 10. O-O-O Qc7 11. Kb1 Nc6 12. Nd5 Bxd5 13. exd5 Na7 14. g4 g6 15.
h4 e4 16. g5 Nh5 17. fxe4 Ng3 18. Rh3 Nxe4 19. Qg2 Nc5 20. h5 Nxb3 21. axb3 Qd7
22. Bd3 Nb5 23. hxg6 fxg6 24. Rxh7 Kxh7 25. Qh2+ Kg7 26. Rh1 Kf7 27. Bxg6+ Kxg6
28. Qh7# 1-0

[Event "Xtracon Chess Open 2019"]
[Site "Helsingor DEN"]
[Date "2019.07.22"]
[Round "4.166"]
[White "Hein, Jacob"]
[Black "Gaure, Sigurd Lauvas"]
[Result "0-1"]
[WhiteElo "1422"]
[BlackElo "1657"]
[WhiteFideId "1402870"]
[BlackFideId "1524933"]
[EventDate "2019.07.20"]

1. b3 e5 2. Nc3 Nf6 3. e4 Bc5 4. Nf3 Nc6 5. Bc4 O-O 6. O-O d6 7. h3 Bd4 8. Nxd4
exd4 9. Ne2 Be6 10. Bd3 Re8 11. Nf4 d5 12. Nxe6 Rxe6 13. exd5 Nxd5 14. Bc4 Rg6
15. Qf3 Nf6 16. Bb2 Ne5 17. Qxb7 Nxc4 18. Bc1 Nb6 19. Qf3 Qd5 20. Qxd5 Nbxd5 21.
f4 Re8 22. f5 Rg5 23. d3 Ne3 24. Rf2 Nfd5 25. Bd2 Rxf5 26. Bxe3 Nxe3 27. Re1
Rxf2 28. Kxf2 Kf8 29. Re2 Re6 30. c4 Rf6+ 31. Kg1 Rf1+ 32. Kh2 Rd1 33. Kg3 Rxd3
34. Kf4 f6 35. Ke4 Rd1 36. g4 Ke7 37. c5 Kd7 38. b4 Kc6 39. a4 Nd5 40. b5+ Kxc5
41. Rc2+ Nc3+ 0-1

[Event "Xtracon Chess Open 2019"]
[Site "Helsingor DEN"]
[Date "2019.07.22"]
[Round "4.167"]
[White "Thybo, Jan"]
[Black "Madsen, Svend"]
[Result "0-1"]
[WhiteElo "1316"]
[BlackElo "1655"]
[WhiteFideId "1438824"]
[BlackFideId "1419846"]
[EventDate "2019.07.20"]

1. e4 c5 2. Nc3 a6 3. g3 Nc6 4. Bg2 g6 5. d3 Bg7 6. Nge2 e6 7. O-O Nge7 8. a3
O-O 9. Rb1 d6 10. b4 cxb4 11. axb4 b5 12. Bd2 Bb7 13. Nf4 e5 14. Nfd5 Nxd5 15.
Nxd5 Ne7 16. Nxe7+ Qxe7 17. Qc1 Qd7 18. c3 Rfc8 19. Qe1 d5 20. f4 exf4 21. Rxf4
dxe4 22. Bxe4 Bxe4 23. Qxe4 Re8 24. Qg2 Rad8 25. d4 Re7 26. Re1 Rxe1+ 27. Bxe1
Re8 28. Bd2 Bh6 29. Rf2 Bxd2 30. Rxd2 Qe6 31. Qf2 Qe4 32. Rd1 f5 33. Rf1 Kg7 34.
d5 Qxd5 35. Qd4+ Qxd4+ 36. cxd4 Re4 37. Rd1 Kf7 38. Kf2 Ke7 39. Kf3 Kd6 40. h3
Kd5 41. g4 fxg4+ 42. hxg4 Rxd4 43. Rxd4+ Kxd4 44. Kf4 h6 0-1

[Event "Xtracon Chess Open 2019"]
[Site "Helsingor DEN"]
[Date "2019.07.22"]
[Round "4.168"]
[White "Nielsen, Leo Kresten Roland"]
[Black "Huse, Arne Kjelsbol"]
[Result "0-1"]
[WhiteElo "1653"]
[BlackElo "1419"]
[WhiteFideId "1426095"]
[BlackFideId "1520709"]
[EventDate "2019.07.20"]

1. e4 e5 2. c3 Nc6 3. b4 Nf6 4. b5 Nb8 5. d3 c6 6. Qb3 d5 7. Bg5 dxe4 8. dxe4 h6
9. Bxf6 Qxf6 10. Nf3 Bc5 11. Nbd2 g5 12. bxc6 bxc6 13. Bc4 g4 14. Bxf7+ Ke7 15.
Bh5 gxf3 16. Bxf3 Bb6 17. a4 Na6 18. a5 Bc5 19. Qc4 Qe6 20. Be2 Qf6 21. Nf3 Rb8
22. Qa2 Be6 23. Qc2 Nc7 24. Rb1 a6 25. O-O Nb5 26. Bxb5 cxb5 27. Rfd1 Rhg8 28.
Qd3 Rbd8 29. Qf1 Qxf3 30. Rxd8 Kxd8 31. Rd1+ Ke7 32. Rd3 Qxe4 33. g3 Bc4 0-1

[Event "Xtracon Chess Open 2019"]
[Site "Helsingor DEN"]
[Date "2019.07.22"]
[Round "4.169"]
[White "Borrmann, Laurenz"]
[Black "Weersing, Nathan"]
[Result "1/2-1/2"]
[WhiteElo "1623"]
[BlackElo "1388"]
[WhiteFideId "312187930"]
[BlackFideId "467936"]
[EventDate "2019.07.20"]

1. Nf3 Nf6 2. g3 g6 3. Bg2 Bg7 4. O-O O-O 5. c4 d6 6. Nc3 Nbd7 7. Rb1 Rb8 8. d3
b6 9. Nd4 Bb7 10. Nc6 Bxc6 11. Bxc6 Ne5 12. Bg2 c5 13. Qa4 Qd7 14. Nb5 Nc6 15.
Nc3 Nd4 16. Qd1 e6 17. Bf4 a6 18. e3 Nf5 19. Ne4 e5 20. Bg5 Nxe4 21. dxe4 Ne7
22. Bxe7 Qxe7 23. Qa4 Qb7 24. Rfd1 b5 25. Qc2 Qe7 26. Rd5 bxc4 27. Qxc4 Rb6 28.
b3 a5 29. Rbd1 Rd8 30. R1d3 Bf8 31. Qa4 Ra6 32. Qb5 Raa8 33. Qc4 Qc7 34. Bf1
Rdb8 35. Qc2 Qc6 36. Rd2 1/2-1/2

[Event "Xtracon Chess Open 2019"]
[Site "Helsingor DEN"]
[Date "2019.07.22"]
[Round "4.170"]
[White "Rostrup, Nicolai"]
[Black "Satre, Roger"]
[Result "0-1"]
[WhiteElo "1462"]
[BlackElo "1867"]
[WhiteFideId "1445073"]
[BlackFideId "1510320"]
[EventDate "2019.07.20"]

1. e4 e6 2. d4 d5 3. Nd2 Nf6 4. e5 Nfd7 5. Bd3 c5 6. c3 b6 7. f4 Ba6 8. Ndf3
Bxd3 9. Qxd3 Nc6 10. Ne2 Be7 11. h4 f6 12. f5 fxe5 13. Ng5 Nf8 14. fxe6 Bxg5 15.
Qf5 Bxh4+ 16. g3 Bf6 17. Bg5 Qe7 18. Bxf6 Qxf6 19. Rf1 Qxf5 20. Rxf5 g6 21. Rf3
e4 22. Rf6 Ke7 23. Rf7+ Kxe6 24. Rc7 Kd6 25. Rf7 Ne6 26. dxc5+ bxc5 27. O-O-O
Raf8 28. Rdf1 Ne5 0-1

[Event "Xtracon Chess Open 2019"]
[Site "Helsingor DEN"]
[Date "2019.07.22"]
[Round "4.172"]
[White "Kristensen, Thomas Overgaard"]
[Black "Krabbenhoft, Soren"]
[Result "1-0"]
[WhiteElo "1700"]
[BlackElo "1456"]
[WhiteFideId "1419803"]
[BlackFideId "1449117"]
[EventDate "2019.07.20"]

1. d4 d5 2. c4 e6 3. Nc3 Nf6 4. cxd5 exd5 5. Bg5 Be7 6. Qc2 c6 7. e3 Be6 8. Bd3
Nbd7 9. Nge2 a6 10. O-O-O c5 11. Nf4 c4 12. Be2 Qb6 13. Bf3 Qd6 14. Kb1 h6 15.
Bxf6 Nxf6 16. g3 Qd7 17. Nxe6 fxe6 18. Qg6+ Kf8 19. Rhe1 Qe8 20. Qc2 Rd8 21. e4
Qf7 22. Re3 b5 23. e5 Nh7 24. Qe2 Bg5 25. Rf1 Ke7 26. Bh5 g6 27. Rf3 Qg7 28. Bg4
Rhf8 29. Rxf8 Rxf8 30. f4 h5 31. Bxe6 Kxe6 32. fxg5 Rxf1+ 33. Qxf1 Nxg5 34. Qf4
Qe7 35. h4 Nh7 36. Qf3 Qd7 37. g4 b4 38. Ne2 Qf7 39. Nf4+ Kd7 40. e6+ Ke7 41.
exf7 1-0

[Event "Xtracon Chess Open 2019"]
[Site "Helsingor DEN"]
[Date "2019.07.22"]
[Round "4.173"]
[White "Bredeli, Havard Iversen"]
[Black "Shehzad, Alisha"]
[Result "0-1"]
[WhiteElo "1397"]
[BlackElo "1637"]
[WhiteFideId "1514440"]
[BlackFideId "1521926"]
[EventDate "2019.07.20"]

1. d4 Nf6 2. Nf3 e6 3. c4 Bb4+ 4. Nc3 O-O 5. e3 d5 6. Bd3 dxc4 7. Bxc4 b6 8. O-O
Bb7 9. Bd3 Nbd7 10. Ng5 h6 11. Nge4 Bxc3 12. Nxc3 c5 13. Ne2 Rc8 14. b3 cxd4 15.
Nxd4 Nc5 16. Bc4 Qd7 17. Bb2 e5 18. Nb5 Qc6 19. f3 Rcd8 20. Qc2 a6 21. Nc3 b5
22. Be2 b4 23. Na4 Nxa4 24. Qxc6 Bxc6 25. bxa4 Rd2 26. Bxe5 Rxe2 27. Bd6 Rd8 28.
Bxb4 Rxe3 29. a5 Ba4 30. Kf2 Rde8 31. a3 Re2+ 32. Kg1 Nd5 33. g3 Rc8 34. Rf2
Rxf2 35. Kxf2 Rc2+ 36. Kg1 Bc6 37. Re1 Nxb4 38. axb4 Bxf3 39. Re8+ Kh7 40. Re7
Kg6 41. Ra7 Be2 42. h4 h5 43. Kf2 Bb5+ 44. Ke3 Rb2 45. Rc7 Rxb4 46. Rc5 f6 47.
Kf3 Ra4 48. g4 Rxg4 0-1

[Event "Xtracon Chess Open 2019"]
[Site "Helsingor DEN"]
[Date "2019.07.22"]
[Round "4.174"]
[White "Fjallheim, Benjamin Reinert"]
[Black "Jensen, Johannes Frank"]
[Result "1-0"]
[WhiteElo "1612"]
[BlackElo "1347"]
[WhiteFideId "7202008"]
[BlackFideId "1457942"]
[EventDate "2019.07.20"]

1. e4 e5 2. Nf3 Nc6 3. Bc4 Bc5 4. d3 Nf6 5. Nc3 d6 6. Bg5 h6 7. Bxf6 Qxf6 8. Nd5
Qd8 9. c3 Bg4 10. h3 Bxf3 11. gxf3 O-O 12. b4 Bb6 13. Qd2 Ne7 14. Rg1 Ng6 15.
Rxg6 fxg6 16. Nxb6+ Kh7 17. Nxa8 Qxa8 18. Ke2 Qd8 19. Qe1 Qf6 20. Qh1 c6 21. Rg1
Qf4 22. Rg4 Qf6 23. Qg2 g5 24. Qg3 Qe7 25. h4 gxh4 26. Qxh4 Rf6 27. f4 Qf8 28.
f5 b5 29. Be6 Qd8 30. Rg6 Rf8 31. Qxd8 Rxd8 32. Ke3 d5 33. exd5 cxd5 34. d4 e4
35. Kd2 a5 36. bxa5 Ra8 37. a6 Rxa6 38. Bg8+ Kxg8 39. Rxa6 h5 40. Rg6 Kh7 41.
Ke3 h4 42. Kf4 Kg8 43. f6 Kf7 44. Kf5 h3 45. Rxg7+ Kf8 46. Kg6 h2 47. Ra7 Ke8
48. f7+ Kf8 49. Kf6 h1=Q 50. Ra8# 1-0

[Event "Xtracon Chess Open 2019"]
[Site "Helsingor DEN"]
[Date "2019.07.22"]
[Round "4.175"]
[White "Nielsen, Pia"]
[Black "Rempe, Janne"]
[Result "1/2-1/2"]
[WhiteElo "1365"]
[BlackElo "1594"]
[WhiteFideId "1409700"]
[BlackFideId "16202392"]
[EventDate "2019.07.20"]

1. Nf3 d6 2. c4 Nf6 3. d4 Nbd7 4. Nc3 e5 5. Bg5 Be7 6. Bxf6 Bxf6 7. e4 c6 8. Be2
a5 9. O-O exd4 10. Nxd4 Qb6 11. Nf5 Be5 12. Nxd6+ Bxd6 13. Qxd6 Qxb2 14. Qg3 O-O
15. Rad1 Re8 16. Rd6 Nc5 17. Rfd1 1/2-1/2